000 01428nab a22002537a 4500
999 _c6435
_d6435
003 OSt
005 20260203101353.0
008 190429b xxu||||| |||| 00| 0 spa d
040 _cPJ
100 _97062
_aPalandri, José María
245 1 3 _aLa disminución de la pena en la tentativa /
_cJosé María Palandri, Julio E. Chiappini.
260 _cCiudad Autónoma de Buenos Aires :
_aThomson Reuters La Ley,
_b2023.
300 _ap. 43-52
500 _aCita Online: AR/DOC/2682/2023.
505 _aSumario: I. El art. 44 del Cód. Penal.— II. Reducción de la pena ya dosificada. Jofré y Soler.— III. Reducción de la escala penal. González Roura y jurisprudencia plenaria.— IV. La versión de Fontán Balestra.— V. Reducción de la escala penal. Variante Gómez y Núñez.— VI. La interpretación de Zaffaroni.— VII. Tabla comparativa de las distintas teorías.— VIII. Nuestra opinión.— IX. Mala redacción legal y derecho comparado.
505 _tSi te interesa el texto completo, solicitalo a koha@justierradelfuego.gov.ar
650 0 _9343
_aDERECHO PENAL
650 0 _93136
_aDELITOS
650 0 _97063
_aESCALA PENAL
650 0 _97064
_aDISMINUCIÓN DE LA PENA
700 _96423
_aChiappini, Julio E.
773 0 _02658
_93164
_tRevista de derecho penal y criminología. Nº 11 - Diciembre 2023
_dCiudad Autónoma de Buenos Aires : Thomson Reuters La Ley, 2017-
_x00347914
942 _2udc
_cANA